Genese selon la science (Record no. 156453)

MARC details
000 -LEADER
campo de control de longitud fija 00609nam a22001815i 4500
001 - NÚMERO DE CONTROL
campo de control 156453
003 - IDENTIFICADOR DE NÚMERO DE CONTROL
campo de control ES-MaACL
005 - FECHA Y HORA DE LA ÚLTIMA TRANSACCIÓN
campo de control 20230906210419.0
008 - DATOS DE LONGITUD FIJA--INFORMACIÓN GENERAL
campo de control de longitud fija 001107s1860 fr a |||| | fre d
040 ## - FUENTE DE CATALOGACIÓN
Centro catalogador/agencia de origen EXT
Lengua de catalogación spa
Centro/agencia transcriptor EXT
100 1# - ENTRADA PRINCIPAL--NOMBRE DE PERSONA
Nombre de persona Jouvencel, Paul de.
9 (RLIN) 128371
245 10 - MENCIÓN DEL TÍTULO
Título Genese selon la science
Resto del título : la vie /
Mención de responsabilidad, etc. Paul de Jouvencel.
260 ## - PUBLICACIÓN, DISTRIBUCIÓN, ETC.
Lugar de publicación, distribución, etc. Paris :
Nombre del editor, distribuidor, etc. Garnier Frères, libraires,
Fecha de publicación, distribución, etc. 1860 (
Fabricante Imprimerie de J. H. Briard)
300 ## - DESCRIPCIÓN FÍSICA
Extensión 337 p., [4] h. pleg. de grab. ;
Dimensiones 19 cm.
700 11 - ENTRADA AGREGADA--NOMBRE PERSONAL
Nombre de persona Garnier Frères,
Término indicativo de función/relación
9 (RLIN) 127239
752 ## - ENTRADA AGREGADA--NOMBRE JERÁRQUICO DEL LUGAR
País o entidad superior Francia -
Ciudad París
852 ## - LOCALIZACIÓN
Ubicación ES-MaACL
Número de control de estantería G-10901
Nota libre -- Enc. hol.
Holdings
Estatus retirado Estado de pérdida Estado de daño No para préstamo Colección Biblioteca de origen Biblioteca actual Ubicación en estantería Fecha de adquisición Fuente de adquisición Total de préstamos Signatura topográfica completa Código de barras Visto por última vez Precio de reemplazo Tipo de ítem Koha
        Libros del s. XIX Biblioteca del Ateneo de Madrid Biblioteca del Ateneo de Madrid Sala Pecera Planta 3 17/01/2008     G-10901 1163684 23/02/2023 23/02/2023 Libro impreso antiguo